=LDR 00000nam 2200000 4500 =001 INLIS000000000040245 =005 20130612145821 =008 ***********************************Ind** =035 ##$$0010-061300000040245 =041 ##$$a Ind =082 ##$$a 813 =090 ##$$a 813, Tra a =100 ##$$a Tracy, Mariska =245 ##$$a Air mata ibuku, dalam semangkuk sup ayam, Mariska Tracy =260 ##$$a 2010 $b Jakarta =300 ##$$a 181 hlm, 20 cm =650 ##$$a Fiksi =850 ##$$a NBPNMAT